SPEECH AND HEARING SCIENCE ANATOMY AND PHYSIOLOGY (Record no. 21016)

MARC details
000 -LEADER
fixed length control field 00368nam a22001577a 4500
003 - CONTROL NUMBER IDENTIFIER
control field SGT
020 ## - INTERNATIONAL STANDARD BOOK NUMBER
International Standard Book Number 9780138274375
082 ## - DEWEY DECIMAL CLASSIFICATION NUMBER
Classification number 612.78
Item number S98Z
100 ## - MAIN ENTRY--PERSONAL NAME
Personal name ZEMLIN, WILLARD R.
245 ## - TITLE STATEMENT
Title SPEECH AND HEARING SCIENCE ANATOMY AND PHYSIOLOGY
250 ## - EDITION STATEMENT
Edition statement 4TH
260 ## - PUBLICATION, DISTRIBUTION, ETC. (IMPRINT)
Place of publication, distribution, etc BOSTON
Name of publisher, distributor, etc ALLGN AND BACON
Year of Publication 1998
300 ## - PAGE DESCRIPTION
No. of Pages 610
650 ## - SUBJECT ADDED ENTRY--TOPICAL TERM
Topical term or geographic name as entry element AUDIOLOGY
942 ## - ADDED ENTRY ELEMENTS (KOHA)
Source of classification or shelving scheme Dewey Decimal Classification
Koha item type Books
Holdings
Withdrawn status Lost status Source of classification or shelving scheme Damaged status Not for loan Collection code Home library Current library Shelving location Date acquired Vendor Name Cost, normal purchase price SGTU Bill Number Total Checkouts Full call number Accession No. (Barcode) Date last seen Bill Date Koha item type
    Dewey Decimal Classification   Not For Loan MEDICAL SGT Medical Library SGT Medical Library Reference Book 07/04/2021 ADWELL BOOKS COMPANY 17137.00 SGTU 1510   612.78 S98Z FM12468 07/04/2021 04/03/2021 Books